Los 1001 años de la lengua española (Registro nro. 4384)

Detalles MARC
000 -CABECERA
Longitud fija campo de control 01330nam a2200277Ia 4500
005 - • FECHA Y HORA DE LA ÚLTIMA TRANSACCIÓN
Fecha y hora de la última transacción 20220317000546.0
008 - • CÓDIGOS DE INFORMACIÓN DE LONGITUD FIJA
Códigos de información de longitud fija 160601s2004 mx a g 000 0 spa
020 ## - • NÚMERO INTERNACIONAL NORMALIZADO PARA LIBROS
Número Internacional Normalizado para Libros (ISBN) 968166678X
082 04 - • NÚMERO DE LA CLASIFICACIÓN DECIMAL DEWEY
Número de clasificación (R) 460.09
Número del ítem A41m
040 ## - FUENTE DE LA CATALOGACIÓN
Centro catalogador de origen CO-BoRNBP
Lengua de catalogación spa
Normas de descripción rda
Centro transcriptor CO-BoRNBP
100 1# - • PUNTO DE ACCESO PRINCIPAL-NOMBRE DE PERSONA
Nombre de persona Alatorre, Antonio
Fechas asociadas al nombre 1922-
245 10 - • TITULO PROPIAMENTE DICHO
Título Los 1001 años de la lengua española
Resto del título tercera edición, algo corregida y muy añadida
Mención de responsabilidad, etc. Antonio Alatorre
250 ## - • MENCIÓN DE EDICIÓN
Mención de edición 3a. edición
Resto de la mención de edición 2a. reimpresión
264 ## - PRODUCCIÓN, PUBLICACIÓN , DISTRIBUCIÓN, FABRICACIÓN Y COPYRIGHT
Lugar de producción, publicación, distribución, fabricación México
Nombre del productor, editor, distribuidor, fabricante Fondo de Cultura Económica
Fecha de de producción, publicación, distribución, fabricación o copyright 2004
300 ## - • DESCRIPCIÓN FÍSICA
Extensión 416 páginas
Otras características físicas ilustraciones en blanco y negro
Dimensiones 24 cm
336 ## - TIPO DE CONTENIDO
Término de tipo de contenido texto
Código de tipo de contenido txt
Fuente rdacontent
337 ## - TIPO DE MEDIO
Nombre del tipo de medio sin mediación
Código del tipo de medio n
Fuente rdamedia
338 ## - TIPO DE SOPORTE
Nombre del tipo de soporte volumen
Código del tipo de soporte nc
Fuente rdacarrier
490 ## - • MENCIÓN DE SERIE
Mención de serie Lengua y estudios literarios
500 ## - • NOTA GENERAL
Nota general Incluye índice onomástico y de materias
505 ## - • NOTA DE CONTENIDO CON FORMATO
Nota de contenido con formato La familia indoeuropea -- Lenguas ibéricas prerromanas -- La lengua de los romanos -- La España visigótica -- La España Árabe -- El nacimiento del castellano -- La consolidación del castellano -- El apogeo del castellano. Primera parte -- El apogeo del castellano. Segunda parte -- El apogeo del castellano. Tercera parte -- El español moderno
650 14 - • PUNTO DE ACCESO ADICIONAL DE MATERIA - TÉRMINO DE MATERIA
Fuente del encabezamiento o término LEMB
Término de materia o nombre geográfico como elemento inicial Español
Subdivisión de materia general Historia
650 14 - • PUNTO DE ACCESO ADICIONAL DE MATERIA - TÉRMINO DE MATERIA
Fuente del encabezamiento o término LEMB
Término de materia o nombre geográfico como elemento inicial Lenguaje
Subdivisión de materia general Historia
650 14 - • PUNTO DE ACCESO ADICIONAL DE MATERIA - TÉRMINO DE MATERIA
Fuente del encabezamiento o término LEMB
Término de materia o nombre geográfico como elemento inicial Español
Subdivisión de materia general Etimología
942 ## - ENTRADA DE ELEMENTOS AGREGADOS (KOHA)
Fuente de clasificaión o esquema Dewey Decimal Classification
Koha [por defecto] tipo de item LIbro
Existencias
Perdido Fuente de clasificación o esquema Estado Físico No para préstamo Forma de adquisición Localización permanente Localización actual Localización en estanterías Fecha adquisición Préstamos totales Signatura completa Código de barras Fecha última consulta Número de copia Fecha del precio de reemplazo Tipo de item de Koha
  Dewey Decimal Classification     Colección General Biblioteca Pública Cumaral - Alvaro Garzon Torres Biblioteca Pública Cumaral - Alvaro Garzon Torres Literatura 06/07/2024   460.09A41m CUM00394 06/07/2024 Ej.1 06/07/2024 LIbro
  Dewey Decimal Classification     Colección General Biblioteca Pública Dorado Biblioteca Pública Dorado General 12/28/2022   460.09 A41m DOR00443 12/28/2022 Ej.1 12/28/2022 LIbro
  Dewey Decimal Classification     Colección General Biblioteca Pública Puerto López - Jorge Eliecer Gaitán Biblioteca Pública Puerto López - Jorge Eliecer Gaitán General 06/06/2025   460.09 A41m PLZ02272 06/06/2025 Ej.1 06/06/2025 LIbro
  Dewey Decimal Classification     Colección General Biblioteca Pública Acacias - Carlos María Hernández Rojas Biblioteca Pública Acacias - Carlos María Hernández Rojas   04/15/2023     ACA04201 460 A41m 04/15/2023 Ej.11 04/15/2023 LIbro
  Dewey Decimal Classification     Colección General Biblioteca Pública Uribe - Reinerio Arenas Biblioteca Pública Uribe - Reinerio Arenas General 07/26/2024   460.09 A41m URI00590 07/26/2024 Ej.1 07/26/2024 LIbro









Instituto Departamental de Cultura del Meta - Red Departamental de Bibliotecas Públicas del Meta.